Acronyms quiz ( txt words quiz) - Statistics

General Stats
  • This quiz has been taken 316 times
  • The average score is 7 of 15
Answer Stats
Hint Answer % Correct
brb be right back
88%
gtg got to go
85%
fyi for your information
84%
LOL laugh out loud
84%
jK just kidding
83%
irl in real life
74%
gg good game
71%
tmi too much information
64%
asl age sex location
23%
wysiwyg what you see is what you get
14%
bbw big beautiful woman
10%
phat pretty hot and tempting
6%
eom end of message
4%
ianal i am not a lawyer
3%
ymmv your mileage may vary
1%
No matching quizzes found
Score Distribution
Percent of People with Each Score
Percentile by Number Answered
Your Score History
You have not taken this quiz